=LDR 00000nam 2200000 4500 =001 INLIS000000000002186 =005 20130612090537 =008 ***********************************Ind** =035 ##$$0010-061300000002186 =041 ##$$a Ind =082 ##$$a 959.8 =090 ##$$a 959.8, Kah =100 ##$$a Kahin,George Mc.Turnan =245 ##$$a Nasionalisme dan revolusi di indonesia, refleksi pergumulan lahirnya republik, George Mc Turnan Kahin; Alih bahasa, Nur Bakdi Soemanto =260 ##$$a 1995 $b Jakarta =300 ##$$a xxiii,608 hlm., 24 cm =650 ##$$a Indonesia =650 ##$$a Sejarah =700 ##$$a Soemanto,Nin Bakdi =850 ##$$a NBPNMAT =990 ##$$a 0001/BPAP-NTB/20142015